| 000 | 01906nam0a2200421 i 4500 | ||
|---|---|---|---|
| 001 | RU\NLR\BIBL_A\010741961 | ||
| 005 | 20260407072425.0 | ||
| 010 | _a9785020390393 | ||
| 021 |
_aRU _b2015-20335 _91214 |
||
| 035 | _a(NILC)RuMoRGB-007892077 | ||
| 035 | _a(NLR Aleph) 010741961 | ||
| 090 |
_a9907609 _c9907609 |
||
| 100 | _a20150430d2015 u y0rusy50 ca | ||
| 101 | 0 | _arus | |
| 102 | _aRU | ||
| 105 | _ac|||g||||00yy | ||
| 200 | 1 |
_aИван Капитонович Луппол, 1896-1943 _fРос. акад. наук _gсост.: С. Н. Корсаков, Л. А. Калашникова _gавт. вступ. ст. С. Н. Корсаков |
|
| 210 |
_aМосква _cНаука _d2015 |
||
| 215 |
_a148, [1] с., [1] л. портр. _d17 |
||
| 225 | 1 |
_aМатериалы к биобиблиографии ученых _iФилософия _vвып. 14 |
|
| 320 | _aЛит. о жизни и тр. И.К. Луппала : с. 88-106 | ||
| 320 | _aХронолог. указ. тр.: с. 107-134 | ||
| 320 | _aУказ. соавт.: с. 135 | ||
| 320 | _aУказ. пер. и продолж. изд.: с. 136-139 | ||
| 600 | 1 |
_aЛуппол _bИ. К. _f1896 - 1943 _gИван Капитонович _92235320 _3RU\NLR\AUTH\6601573501 |
|
| 686 | 2 | _aШ4г(2)7дЛуппол | |
| 686 | 1 | _aЮ3(2)7 | |
| 702 | 1 |
_4570 _7ca _8rus _aЛуппол _bИ. К. _cд-р филос. наук _f1896-1943 _gИван Капитонович _9208112 _3RU\NLR\AUTH\770208165 |
|
| 702 | 1 |
_aКорсаков _bС. Н. _f1973- _gСергей Николаевич _4220 |
|
| 712 | 0 | 2 |
_4570 _aРоссийская академия наук _3RU\NLR\AUTH\881057 _9272489 |
| 801 | 0 |
_aRU _bРГБ _c20150319 _gRCR |
|
| 801 | 1 |
_aRU _bРГБ _c20150319 _2rusmarc |
|
| 942 | _cBOOK | ||
| 980 | _aNBR | ||